000 00595nam a2200229Ia 4500
003 OSt
005 20220918190501.0
006 a|||||r|||| 00| 0
007 ta
008 220917b |||||||| |||| 00| 0 eng d
024 _a57,139
037 _cTextual
040 _aARTS
_cARTS
_beng
041 _2eng
_aeng
082 _aP4312, K1
100 _aSmalley W A
_972799
245 0 _aOutline of Khmu Structure
_b an essay of the American oriental society
260 _c1961
650 _aLINGUISTICS
942 _hP4312, K1
_cTEXL
_2CC
999 _c185396
_d185396